[Event "Hospitalet de Llobregat Ponce 11th"]
[Site "Hospitalet de Llobregat"]
[Date "2022.06.18"]
[Round "9"]
[White "Devos, Herve"]
[Black "Terron Chueco, David"]
[Result "0-1"]
[WhiteElo "1743"]
[BlackElo "1633"]
[PlyCount "90"]
[EventDate "2022.04.23"]
[EventType "swiss"]
[EventRounds "9"]
[EventCountry "ESP"]
[SourceTitle "EXT 2023"]
[Source "ChessBase"]
[SourceDate "2022.10.05"]
[SourceVersion "1"]
[SourceVersionDate "2022.10.05"]
[SourceQuality "1"]

1. e4 e5 2. Nf3 Nc6 3. Bc4 Bc5 4. c3 Nf6 5. d3 d6 6. 0-0 h6 7. b4 Bb6 8. Nbd2 0-0 9. Re1 Bg4 10. Nf1 Qd7 11. Ne3 Bh5 12. Nf5 Ne7 13. Ng3 Bg4 14. Be3 Ng6 15. d4 Qc6 16. Qb3 Bxf3 17. gxf3 Nh4 18. Be2 Qd7 19. Kh1 exd4 20. cxd4 Rae8 21. Rg1 Kh8 22. Qd1 Qe6 23. Qd2 Nh7 24. Nh5 g5 25. Rg3 f6 26. Rgg1 Rg8 27. d5 Qe5 28. Ng3 Nf8 29. Rac1 Re7 30. Qc3 Nfg6 31. Qxe5 fxe5 32. Nh5 Rf8 33. Rg3 Kh7 34. Rf1 Nf4 35. Bxf4 exf4 36. Rg4 Kg6 37. Ng3 fxg3 38. fxg3 h5 39. Rxh4 gxh4 40. f4 Kh6 41. Bd3 Rg8 42. Kg2 hxg3 43. h3 Bf2 44. Bc2 Rf8 45. Kf3 Rg7 0-1

[Event "Foment Martinenc op-A 21st"]
[Site "Barcelona"]
[Date "2019.05.04"]
[Round "2"]
[White "Cunillera Amigo, Jose Luis"]
[Black "Devos, Herve"]
[Result "1-0"]
[WhiteElo "2061"]
[BlackElo "1823"]
[PlyCount "79"]
[EventDate "2019.04.27"]
[EventType "swiss"]
[EventRounds "9"]
[EventCountry "ESP"]
[SourceTitle "EXT 2020"]
[Source "ChessBase"]
[SourceDate "2019.10.17"]
[SourceVersion "1"]
[SourceVersionDate "2019.10.17"]
[SourceQuality "1"]

1. e4 d6 2. d4 Nf6 3. Nc3 g6 4. Bg5 Bg7 5. e5 Nfd7 6. f4 c5 7. Nf3 cxd4 8. Qxd4 Nc6 9. Qe3 dxe5 10. fxe5 Ndxe5 11. Bb5 0-0 12. Bxc6 Nxc6 13. 0-0 f6 14. Rad1 Qb6 15. Qxb6 axb6 16. Be3 b5 17. a3 b4 18. axb4 Nxb4 19. Bc5 Nc6 20. Nd5 Rf7 21. b4 Bg4 22. b5 Bxf3 23. Rxf3 Ne5 24. Nxe7+ Kh8 25. Rc3 f5 26. Bb4 Re8 27. Rc7 Bf8 28. Re1 Bxe7 29. Rxe5 Bxb4 30. Rxe8+ Kg7 31. Rxf7+ Kxf7 32. Rc8 b6 33. Rc7+ Be7 34. Kf1 Kf8 35. h3 g5 36. Rb7 Bc5 37. Rxh7 f4 38. Ke2 Kg8 39. Rb7 Kf8 40. Kf3 1-0

[Event "Foment Martinenc op-B 20th"]
[Site "Barcelona"]
[Date "2018.06.09"]
[Round "8"]
[White "Devos, Herve"]
[Black "Lopez Nadal, Alex"]
[Result "1-0"]
[WhiteElo "1826"]
[BlackElo "1484"]
[PlyCount "59"]
[EventDate "2018.04.21"]
[EventType "swiss"]
[EventRounds "9"]
[EventCountry "ESP"]
[SourceTitle "CBM 184 Extra"]
[Source "ChessBase"]
[SourceDate "2018.06.28"]
[SourceVersion "1"]
[SourceVersionDate "2018.06.28"]
[SourceQuality "1"]

1. e4 e5 2. Nf3 Nf6 3. Nc3 Nc6 4. Bb5 Nd4 5. Bc4 Nxe4 6. Bxf7+ Kxf7 7. Nxe4 d5 8. Ng3 Qf6 9. Nxd4 exd4 10. Qh5+ g6 11. Qxd5+ Qe6+ 12. Qxe6+ Bxe6 13. d3 Bd6 14. Ne4 Ke7 15. Bg5+ Kd7 16. Bf6 Rhe8 17. Bxd4 Bf5 18. f3 c5 19. Bc3 Kc7 20. Kf2 h5 21. Rae1 a6 22. h3 Re7 23. Nxd6 Rxe1 24. Rxe1 Kxd6 25. g4 Be6 26. b3 Rf8 27. Kg3 Bd5 28. f4 Be6 29. d4 cxd4 30. Bb4+ 1-0

[Event "Foment Martinenc op-B 20th"]
[Site "Barcelona"]
[Date "2018.04.28"]
[Round "2"]
[White "Devos, Herve"]
[Black "Serrano Batova, Vicent"]
[Result "1/2-1/2"]
[WhiteElo "1826"]
[BlackElo "1593"]
[PlyCount "86"]
[EventDate "2018.04.21"]
[EventType "swiss"]
[EventRounds "9"]
[EventCountry "ESP"]
[SourceTitle "CBM 184 Extra"]
[Source "ChessBase"]
[SourceDate "2018.06.28"]
[SourceVersion "1"]
[SourceVersionDate "2018.06.28"]
[SourceQuality "1"]

1. e4 c5 2. c3 d5 3. exd5 Qxd5 4. d4 cxd4 5. cxd4 Nc6 6. Nf3 Bg4 7. Be2 e6 8. Nc3 Qd7 9. Be3 Nf6 10. 0-0 Be7 11. Qd2 0-0 12. Rfd1 Rfd8 13. a3 Rac8 14. Qc2 Nd5 15. Nxd5 Qxd5 16. Qd3 Na5 17. Rac1 a6 18. Rxc8 Rxc8 19. Rc1 Rxc1+ 20. Bxc1 Qc6 21. Bd2 Bf5 22. Qc3 Qxc3 23. Bxc3 Nc6 24. Ne5 Nxe5 25. dxe5 Be4 26. f3 Bc5+ 27. Kf1 Bd5 28. Bd3 Kf8 29. Ke2 Ke7 30. b4 Bb6 31. g4 h6 32. h4 g5 33. hxg5 hxg5 34. Bd2 f6 35. Bc3 fxe5 36. Bxe5 a5 37. f4 gxf4 38. Bxf4 axb4 39. axb4 Bd4 40. g5 Kf7 41. Be3 Bc3 42. b5 Be5 43. Kf2 Bd6 1/2-1/2

[Event "Foment Martinenc op-B 20th"]
[Site "Barcelona"]
[Date "2018.04.21"]
[Round "1"]
[White "Gonzalez Trigo, Jose Luis"]
[Black "Devos, Herve"]
[Result "0-1"]
[WhiteElo "1512"]
[BlackElo "1826"]
[PlyCount "44"]
[EventDate "2018.04.21"]
[EventType "swiss"]
[EventRounds "9"]
[EventCountry "ESP"]
[SourceTitle "CBM 184 Extra"]
[Source "ChessBase"]
[SourceDate "2018.06.28"]
[SourceVersion "1"]
[SourceVersionDate "2018.06.28"]
[SourceQuality "1"]

1. e4 d6 2. d4 Nf6 3. Nc3 g6 4. Be2 Bg7 5. Nf3 0-0 6. h3 c6 7. 0-0 b5 8. a3 a6 9. Be3 Bb7 10. e5 Nfd7 11. exd6 exd6 12. Qd2 Nf6 13. Bh6 Nbd7 14. Bxg7 Kxg7 15. Qf4 Nb6 16. Ne4 Nbd5 17. Qh4 Nxe4 18. Qxe4 Re8 19. Qd3 Nf4 20. Qd2 Nxe2+ 21. Kh2 Qf6 22. g3 Qxf3 0-1

[Event "Foment Martinenc op-B 19st"]
[Site "Barcelona"]
[Date "2017.05.27"]
[Round "6.4"]
[White "Devos, Herve"]
[Black "Planas Sarmiento, Joan"]
[Result "0-1"]
[WhiteElo "1806"]
[BlackElo "1767"]
[PlyCount "116"]
[EventDate "2017.04.22"]
[EventType "swiss"]
[EventRounds "9"]
[EventCountry "ESP"]
[SourceTitle "EXT 2024"]
[Source "ChessBase"]
[SourceDate "2023.10.10"]
[SourceVersion "1"]
[SourceVersionDate "2023.10.10"]
[SourceQuality "1"]

1. e4 d6 2. d4 Nf6 3. Nc3 c6 4. Nf3 Qa5 5. Bd3 e5 6. h3 h5 7. Bd2 Qc7 8. 0-0 Be7 9. a3 b5 10. d5 a6 11. Ng5 Bb7 12. Qf3 c5 13. h4 Nbd7 14. Qg3 Nf8 15. f4 Ng4 16. Be2 Ng6 17. fxe5 N4xe5 18. Rxf7 Nxf7 19. Ne6 Qb6 20. Qxg6 Bf6 21. Bxh5 Rxh5 22. Qxh5 c4+ 23. Kf1 Ke7 24. g3 Rh8 25. Qe2 Bc8 26. Nf4 Ne5 27. Be3 Qd8 28. Ne6 Qg8 29. Bg5 Bxe6 30. Bxf6+ gxf6 31. dxe6 Qxg3 32. Nd5+ Kxe6 33. Qf2 Qh3+ 34. Ke2 Qg4+ 35. Ke3 Qh3+ 36. Ke2 Qg4+ 37. Ke3 f5 38. Nc7+ Kd7 39. Qxf5+ Qxf5 40. exf5 Kxc7 41. Rh1 Ng4+ 42. Kf4 Ne5 43. h5 Kd7 44. Kg5 Ke7 45. h6 Nf7+ 46. Kg6 Rxh6+ 47. Rxh6 Nxh6 48. f6+ Ke6 49. Kxh6 Kxf6 50. Kh5 Kf5 51. Kh4 Kf4 52. b3 c3 53. a4 d5 54. Kh3 Kf3 55. Kh4 d4 56. Kg5 Ke4 57. Kf6 d3 58. cxd3+ Kxd3 0-1

[Event "Llobregat Garcia Memorial 7th"]
[Site "Llobregat"]
[Date "2016.04.23"]
[Round "3"]
[White "Lopez Baena, David"]
[Black "Devos, Herve"]
[Result "1/2-1/2"]
[WhiteElo "1994"]
[BlackElo "1880"]
[PlyCount "96"]
[EventDate "2016.04.09"]
[EventType "swiss"]
[EventRounds "9"]
[EventCountry "ESP"]
[SourceTitle "EXT 2017"]
[Source "ChessBase"]
[SourceDate "2016.10.25"]
[SourceVersion "1"]
[SourceVersionDate "2016.10.25"]
[SourceQuality "1"]

1. c4 Nf6 2. Nc3 g6 3. g3 Bg7 4. Bg2 c5 5. Nf3 0-0 6. d4 cxd4 7. Nxd4 Nc6 8. 0-0 a6 9. h3 Qc7 10. Nxc6 dxc6 11. e4 e5 12. Be3 Be6 13. c5 Rfd8 14. Qe2 Qe7 15. Rfd1 Rxd1+ 16. Rxd1 Rd8 17. Rxd8+ Qxd8 18. b4 Nd7 19. Qd2 Bf8 20. Na4 Qe7 21. a3 Bb3 22. Nb2 a5 23. Bf1 b6 24. cxb6 axb4 25. axb4 Qd6 26. Qxd6 Bxd6 27. Nd3 Bc2 28. b7 Bxd3 29. Bxd3 Bxb4 30. Ba7 Bd6 31. f3 Kf8 32. Kf2 Ke8 33. Bc4 f6 34. Be6 Nb8 35. Bg8 h6 36. Ke3 Kd8 37. Bb6+ Bc7 38. Bc5 Nd7 39. Ba7 Nb8 40. Bh7 g5 41. Bf5 Ke7 42. Kd3 Kd6 43. Kc4 Na6 44. h4 Ke7 45. h5 Kd6 46. Be3 Bb8 47. Bc1 Ke7 48. Ba3+ Bd6 1/2-1/2

[Event "L'Hospitalet de Llobregat op 6th"]
[Site "L'Hospitalet de Llobregat"]
[Date "2015.05.30"]
[Round "7.7"]
[White "Moran Soria, Jorge"]
[Black "Devos, Herve"]
[Result "1/2-1/2"]
[WhiteElo "2001"]
[BlackElo "1921"]
[PlyCount "90"]
[EventDate "2015.04.11"]
[EventType "swiss"]
[EventRounds "8"]
[EventCountry "ESP"]
[SourceTitle "EXT 2024"]
[Source "ChessBase"]
[SourceDate "2023.10.10"]
[SourceVersion "1"]
[SourceVersionDate "2023.10.10"]
[SourceQuality "1"]

1. d4 Nf6 2. c4 e5 3. dxe5 Ng4 4. Bf4 Nc6 5. Nf3 Bb4+ 6. Nc3 Qe7 7. Qd5 Bxc3+ 8. bxc3 f6 9. exf6 Nxf6 10. Qd2 d6 11. e3 0-0 12. Be2 Ne4 13. Qb2 b6 14. 0-0 Bb7 15. Rad1 Qf6 16. Nd4 Ne5 17. f3 Nc5 18. Nb5 Rf7 19. Qd2 a6 20. Nxc7 Rxc7 21. Qxd6 Qxd6 22. Rxd6 Nc6 23. e4 Rd7 24. Rfd1 Rad8 25. Rxd7 Rxd7 26. Rxd7 Nxd7 27. Bc7 Ne7 28. Kf2 g5 29. Ke3 Kf7 30. g3 h5 31. f4 g4 32. f5 Nc5 33. Bd3 Nxd3 34. Kxd3 b5 35. cxb5 axb5 36. Bd6 Kf6 37. Bxe7+ Ke5 38. f6 Bxe4+ 39. Ke3 Bd5 40. a3 Bc4 41. Bd8 Bb3 42. Bb6 Bf7 43. Bd4+ Kf5 44. Bb6 Ke5 45. Bc5 Bc4 1/2-1/2

[Event "Bethune op 26th"]
[Site "Bethune"]
[Date "2005.12.29"]
[Round "7"]
[White "Devos, Herve"]
[Black "Bosch, Joachim"]
[Result "1-0"]
[WhiteElo "1802"]
[BlackElo "2060"]
[PlyCount "49"]
[EventDate "2005.12.26"]
[EventType "swiss"]
[EventRounds "9"]
[EventCountry "FRA"]
[SourceTitle "CBM 110 Extra"]
[Source "ChessBase"]
[SourceDate "2006.03.10"]
[SourceVersion "2"]
[SourceVersionDate "2006.03.10"]
[SourceQuality "1"]

1. e4 c5 2. d4 cxd4 3. c3 d5 4. exd5 Qxd5 5. cxd4 Nf6 6. Nc3 Qa5 7. Bc4 e6 8. Nf3 a6 9. 0-0 b5 10. Bb3 b4 11. Na4 Nbd7 12. Ng5 Be7 13. Bxe6 fxe6 14. Nxe6 h6 15. Nxg7+ Kf7 16. Re1 Bd6 17. Ne6 Re8 18. Nac5 Nxc5 19. Nxc5 Bxc5 20. Rxe8 Bg4 21. Qb3+ Kxe8 22. dxc5 Qxc5 23. Bxh6 Qe7 24. Bg5 a5 25. Bxf6 1-0

[Event "Bethune op-A 25th"]
[Site "Bethune"]
[Date "2004.12.26"]
[Round "1"]
[White "Legrand, Patrick A"]
[Black "Devos, Herve"]
[Result "1-0"]
[WhiteElo "1957"]
[BlackElo "1803"]
[PlyCount "91"]
[EventDate "2004.12.26"]
[EventType "swiss"]
[EventRounds "7"]
[EventCountry "FRA"]
[SourceTitle "CBM 104 Extra"]
[Source "ChessBase"]
[SourceDate "2005.03.01"]
[SourceVersion "1"]
[SourceVersionDate "2005.03.01"]
[SourceQuality "1"]

1. e4 d6 2. d4 Nf6 3. Nc3 g6 4. Be3 Bg7 5. f3 c6 6. Qd2 b5 7. Bh6 Bxh6 8. Qxh6 Qa5 9. Qd2 Nbd7 10. Nge2 Nb6 11. b3 b4 12. Nd1 Nbd7 13. g4 Ba6 14. Ng3 Bxf1 15. Kxf1 c5 16. Ne3 cxd4 17. Qxd4 Qc5 18. Rd1 Ne5 19. Kg2 0-0 20. Qd2 Rac8 21. h4 Qc3 22. Qc1 h5 23. g5 Nfd7 24. Ne2 Qc5 25. Rd5 Qb6 26. f4 Nc6 27. Nc4 Qb7 28. Qd1 Nb6 29. Nxb6 Qxb6 30. Ng3 e5 31. f5 Nd4 32. Kh3 Nxc2 33. Rxd6 Qf2 34. Rh2 Qc5 35. Rd5 Ne3 36. Rxc5 Nxd1 37. Rxe5 Rfd8 38. Rd5 Rxd5 39. exd5 Rd8 40. Rd2 Ne3 41. fxg6 fxg6 42. Ne4 Rxd5 43. Nf6+ Kf7 44. Nxd5 Nf1 45. Rf2+ Ke6 46. Nf4+ 1-0

[Event "Pic d'Anie op 1st"]
[Site "Arette"]
[Date "2004.08.??"]
[Round "5"]
[White "Devos, Herve"]
[Black "Humeau, Cyril"]
[Result "0-1"]
[WhiteElo "1970"]
[BlackElo "2098"]
[PlyCount "77"]
[EventDate "2004.08.??"]
[EventType "swiss"]
[EventRounds "7"]
[EventCountry "FRA"]
[SourceTitle "EXT 2007"]
[Source "ChessBase"]
[SourceDate "2006.11.23"]
[SourceVersion "1"]
[SourceVersionDate "2006.11.23"]
[SourceQuality "1"]

1. e4 Nf6 2. Nc3 e5 3. Nf3 Nc6 4. Bb5 Nd4 5. Ba4 Nxf3+ 6. Qxf3 c6 7. d3 d6 8. h3 Be7 9. g4 Be6 10. Bg5 Nd7 11. Bxe7 Qxe7 12. Qe3 Nc5 13. Bb3 Nxb3 14. axb3 c5 15. f4 f6 16. f5 Bf7 17. h4 h6 18. Kd2 b6 19. Ra6 Kd7 20. Nb5 Kc6 21. c4 Rhd8 22. Nc3 Kb7 23. Rha1 Be8 24. Nd5 Qf8 25. b4 Bc6 26. bxc5 dxc5 27. h5 Qd6 28. b4 Bxd5 29. bxc5 Bxc4 30. cxd6 Bxa6 31. d4 exd4 32. Qxd4 Bb5 33. e5 fxe5 34. Qxe5 Bc6 35. Qxg7+ Rd7 36. Qxh6 Rad8 37. Ke3 Rxd6 38. Qg7+ R8d7 39. Qb2 0-1

[Event "Pic d'Anie op 1st"]
[Site "Arette"]
[Date "2004.08.??"]
[Round "1"]
[White "Domenech, Vianney"]
[Black "Devos, Herve"]
[Result "0-1"]
[WhiteElo "1630"]
[BlackElo "1970"]
[PlyCount "89"]
[EventDate "2004.08.??"]
[EventType "swiss"]
[EventRounds "7"]
[EventCountry "FRA"]
[SourceTitle "EXT 2007"]
[Source "ChessBase"]
[SourceDate "2006.11.23"]
[SourceVersion "1"]
[SourceVersionDate "2006.11.23"]
[SourceQuality "1"]

1. e4 d6 2. d4 Nf6 3. Nc3 g6 4. Bc4 Bg7 5. Nf3 0-0 6. 0-0 Nxe4 7. Bxf7+ Rxf7 8. Nxe4 Bg4 9. Neg5 Rf5 10. h3 Bxf3 11. Nxf3 Nc6 12. d5 Ne5 13. Ng5 Qd7 14. Ne6 c6 15. Nxg7 Kxg7 16. Qd4 Kg8 17. Bh6 Rf3 18. Bf4 Rxh3 19. Bxe5 dxe5 20. Qxe5 Rh5 21. dxc6 Qxc6 22. Qxe7 Re8 23. Qb4 Rg5 24. Qb3+ Re6 25. Qh3 Re2 26. Rad1 Rf5 27. Rd8+ Kg7 28. Qc3+ Qxc3 29. bxc3 Rxc2 30. Rd7+ Rf7 31. Rfd1 Rcxf2 32. Rxb7 Rxb7 33. Kxf2 Rb2+ 34. Kg3 Rxa2 35. Rd7+ Kh6 36. c4 Rc2 37. Rxa7 Rxc4 38. Kh3 g5 39. g4 Rc3+ 40. Kg2 Rc6 41. Kg3 Kg6 42. Ra8 h6 43. Kh3 Kf6 44. Re8 Re6 45. Rf8+ 0-1

[Event "Bethune op-B 24th"]
[Site "Bethune"]
[Date "2003.12.30"]
[Round "7"]
[White "Vandeputte, Stephane"]
[Black "Devos, Herve"]
[Result "0-1"]
[WhiteElo "1740"]
[BlackElo "1760"]
[PlyCount "96"]
[EventDate "2003.12.26"]
[EventType "swiss"]
[EventRounds "9"]
[EventCountry "FRA"]
[SourceTitle "EXT 2005"]
[Source "ChessBase"]
[SourceDate "2004.11.15"]
[SourceVersion "1"]
[SourceVersionDate "2004.11.15"]
[SourceQuality "1"]

1. e4 d6 2. d4 Nf6 3. Nc3 g6 4. f3 Bg7 5. Be3 c6 6. Qd2 b5 7. a3 a6 8. Bh6 Bxh6 9. Qxh6 Qb6 10. Qd2 Nbd7 11. Nge2 0-0 12. g4 c5 13. Rd1 Bb7 14. Bg2 Kg7 15. Ng3 cxd4 16. Qxd4 Qxd4 17. Rxd4 Ne5 18. Kf2 Rac8 19. Rc1 Rc7 20. Nd1 Rfc8 21. c3 Nfd7 22. Ne3 Nc5 23. Rc2 Ncd3+ 24. Ke2 Nf4+ 25. Kf1 a5 26. Ne2 Ne6 27. Rd1 Nc4 28. Nxc4 Rxc4 29. Rdc1 Nc5 30. b3 Nxb3 31. Rb1 a4 32. Nc1 Rxc3 33. Rxc3 Rxc3 34. Nxb3 Rxb3 35. Ra1 d5 36. exd5 Bxd5 37. f4 Bxg2+ 38. Kxg2 h5 39. h3 hxg4 40. hxg4 f6 41. Kf2 Kf7 42. Kg2 e5 43. fxe5 fxe5 44. Kf2 Kf6 45. Kg2 Kg5 46. Re1 Kf4 47. g5 Rxa3 48. Rb1 Rb3 0-1

[Event "Bethune op-B 24th"]
[Site "Bethune"]
[Date "2003.12.28"]
[Round "4"]
[White "Boulenguer, Sylvain"]
[Black "Devos, Herve"]
[Result "0-1"]
[WhiteElo "1500"]
[BlackElo "1760"]
[PlyCount "76"]
[EventDate "2003.12.26"]
[EventType "swiss"]
[EventRounds "9"]
[EventCountry "FRA"]
[SourceTitle "EXT 2005"]
[Source "ChessBase"]
[SourceDate "2004.11.15"]
[SourceVersion "1"]
[SourceVersionDate "2004.11.15"]
[SourceQuality "1"]

1. d4 Nf6 2. c4 e5 3. dxe5 Ng4 4. e4 Nxe5 5. Nf3 Nbc6 6. Nc3 Bb4 7. Bd2 d6 8. h3 Be6 9. Nxe5 dxe5 10. Rc1 0-0 11. Be2 Nd4 12. 0-0 c6 13. b3 Qh4 14. Kh2 Bxc3 15. Rxc3 Qxe4 16. Re3 Qf5 17. Bg4 Qf6 18. Rg3 Bxg4 19. Qxg4 Qg6 20. Qd7 Qe6 21. Qxe6 Nxe6 22. Re1 f6 23. Rge3 Rfd8 24. Bc3 Rd7 25. g3 g5 26. Kg2 Rad8 27. R1e2 Rd3 28. Rxd3 Rxd3 29. Ba1 Kf7 30. Bb2 h5 31. Kg1 h4 32. Kh2 hxg3+ 33. fxg3 Nd4 34. Bxd4 Rxd4 35. Kg2 Ke6 36. Kf3 f5 37. Re3 Rd2 38. a3 e4+ 0-1

[Event "Bethune op-B 24th"]
[Site "Bethune"]
[Date "2003.12.27"]
[Round "3"]
[White "Devos, Herve"]
[Black "Viard, Maxime"]
[Result "0-1"]
[WhiteElo "1760"]
[BlackElo "1700"]
[PlyCount "124"]
[EventDate "2003.12.26"]
[EventType "swiss"]
[EventRounds "9"]
[EventCountry "FRA"]
[SourceTitle "EXT 2005"]
[Source "ChessBase"]
[SourceDate "2004.11.15"]
[SourceVersion "1"]
[SourceVersionDate "2004.11.15"]
[SourceQuality "1"]

1. e4 c6 2. d4 d5 3. Nc3 dxe4 4. Nxe4 Bf5 5. Ng3 Bg6 6. h4 h6 7. Nf3 Nd7 8. Bd3 Bxd3 9. Qxd3 Ngf6 10. Bd2 e6 11. Ne4 Nxe4 12. Qxe4 Nf6 13. Qe2 Bd6 14. 0-0-0 Qe7 15. Ne5 Bxe5 16. dxe5 Nd5 17. Be3 Nxe3 18. Qxe3 0-0 19. g4 c5 20. f4 Rad8 21. Rdg1 b6 22. h5 Kh8 23. g5 Rg8 24. gxh6 gxh6 25. f5 Kh7 26. f6 Qd7 27. Rxg8 Rxg8 28. Rg1 Qd8 29. a4 Qc8 30. b3 Qb8 31. Kb2 Rxg1 32. Qxg1 Qxe5+ 33. c3 Qxf6 34. a5 Qg5 35. Qd1 Qg2+ 36. Ka3 Qd5 37. Qg4 bxa5 38. Qa4 Qxh5 39. Qxa5 Qd5 40. Qxa7 e5 41. c4 Qe6 42. Qxc5 e4 43. Qe3 f5 44. c5 Kg6 45. Kb4 f4 46. Qxf4 e3 47. Qg3+ Kh5 48. Qh2+ Kg5 49. Qg3+ Qg4+ 50. Qxg4+ Kxg4 51. Kb5 e2 52. Kc4 e1Q 53. b4 Kf5 54. c6 Ke6 55. Kc5 Qc3+ 56. Kb5 Kd6 57. Ka5 Kxc6 58. Ka4 Qc4 59. Ka3 Kb5 60. Kb2 Kxb4 61. Kb1 Kb3 62. Ka1 Qc1# 0-1